| 000 | 00470nam a2200181Ia 4500 | ||
|---|---|---|---|
| 008 | 230917s9999||||xx |||||||||||||| ||und|| | ||
| 020 | _cRS929 | ||
| 040 |
_e257654 _aMAIN |
||
| 041 | _aEnglish | ||
| 082 | _a005.1 S55S(10) | ||
| 100 | _aSommerville, Ian | ||
| 245 | 0 | _aSoftware engineering | |
| 250 | _a10th ed. | ||
| 260 |
_aNoida _bPearson India Education _c2018 |
||
| 300 | _a808 p. | ||
| 500 | _a3597 04/09/2019 HBD19/7957 30/09/2019 Main Budget | ||
| 942 | _cBK | ||
| 999 |
_c32657 _d32657 |
||